| 000 | 00574nam a22002057a 4500 | ||
|---|---|---|---|
| 005 | 20240918134600.0 | ||
| 008 | 240909b |||||||| |||| 00| 0 eng d | ||
| 020 |
_a978-1-138-60380-6 _cRs.695.00 |
||
| 040 | _aLoreto College | ||
| 041 | _aEnglish | ||
| 082 |
_a791.43 _bKEM |
||
| 100 | _aKemp, Jonathan | ||
| 245 |
_aFilm on video _bA practical guide to making video look like film _cJonathan Kemp |
||
| 260 |
_aLondon _bRoutledge _c2019 |
||
| 300 |
_a209p. _b21cm. |
||
| 504 | _aIncludes glossary and index | ||
| 650 | _aFilm studies | ||
| 850 | _aLCLIB | ||
| 942 | _cBK | ||
| 999 |
_c43863 _d94342 |
||